01085nam a22002777a 4500003000900000005001700009008003000026020001800056040002200074082001500096245009500111260003900206300002000245585004900265700002400314700002900338700004700367700002000414700003400434942001200468945002800480952012500508952011900633956004000752999001500792DO-SdBNP20180213150748.0171030b 2015 dr| 00| 0 spa d a9789945588361 aBPMSUbspacBPMSU 4axxxxbxxxx00aMendigando un amigo y otros cuentos premiados /cJean Emil Rodríguez Gatón...[et.al.]. aSanto Domingo :bFerilibro,c2015. a46 p. :c23 cm. aPremio Joven de Cuento Feria del Libro 2014.1 aLiriano, Lady Laura1 aSantana Castro, Moisés1 aSantos Sánchez, Mildred del Pilar De Los1 aRamos, Bladimir1 aCaba Rosario, Víctor Manuel 2ddccBK aInventariado, 2018 / BT 00102ddc40708CDaBPMETbBPMETd2016-04-13eEditora Nacionall0oxxxx xxxxpBPMSU16040378r2016-04-13w2016-04-13yBK 00102ddc40708CDaBPMETbBPMETd2016-04-13eEditora Nacionall0oxxxx xxxxpBPMSU16040408r2016-04-13te. 2yBK aBTAVAREZb10d20171120fBPMSUh0038 c9729d9729